000 00643 a2200253 4500
003 DLC
005 20260401104137.0
008 2020s2020 xx 000 0 eng d
020 _a9780199694938
040 _aDLC
_beng
050 4 _aRM300 .E45 2020
082 0 4 _a615.1
100 1 _aEmmett, Stevan R.
_eauthor.
245 1 0 _aClinical Pharmacology for Prescribing
_cEmmett, Stevan R..
264 1 _bOxford University Press
_c2020
300 _axix, 732p.: ill.
336 _2CC
338 _2CC
650 0 _aClinical pharmacology
650 0 _aPharmacology
650 0 _aDrug therapy
650 0 _aTherapeutics
942 _2lcc
_cBK
999 _c44213
_d44213